000 00595nam a22002057a 4500
999 _c262655
_d262654
003 OSt
005 20240126110439.0
008 240126b xxu||||| |||| 00| 0 eng d
010 _a2002153808
020 _a0375823018
020 _a 0375923012 (lib. bdg.)
020 _a 0375823026 (pbk.)
040 _c DLC
050 _a PZ7
_b.P2197 2003
100 _aPark, Barbara.
245 _a Junie B., first grader :
_bcheater pants /
_cBarbara Park ; illustrated by Denise Brunkus
260 _aNew York :
_bRandom House,
_cc2003.
300 _a86 p. :
_b ill. ;
_c 22 cm.
942 _2lcc
_cBK